[Event "Copa Ciudad de Berazategui 2008"]
[Site "Berazategui ARG"]
[Date "2008.05.03"]
[Round "4.3"]
[White "Blit, Jacques"]
[Black "Zarnicki, Pablo"]
[Result "1/2-1/2"]
[WhiteElo "2317"]
[BlackElo "2515"]
[PlyCount "83"]
[EventDate "2008.05.01"]
[EventType "swiss"]
[EventRounds "7"]
[EventCountry "ARG"]
[Source "lmi"]
[SourceDate "2008.05.01"]

1. e4 d5 2. exd5 Qxd5 3. Nc3 Qa5 4. d4 Nf6 5. Nf3 c6 6. h3 Bf5 7. Bc4 e6 8. O-O
Nbd7 9. Bd2 Qc7 10. Re1 Bd6 11. Nh4 Bg6 12. Nxg6 hxg6 13. Qf3 O-O-O 14. Rad1
Kb8 15. a3 Rh5 16. g4 Rh7 17. g5 Nd5 18. Bxd5 exd5 19. Qxf7 Nf8 20. Qxc7+ Kxc7
21. Re2 Rxh3 22. Rde1 Rh4 23. Nd1 Rxd4 24. Ne3 Bf4 25. c3 Re4 26. f3 Bxe3+ 27.
Bxe3 Re6 28. Bb6+ Kxb6 29. Rxe6 Nxe6 30. Rxe6 Rd7 31. Rxg6 Kc5 32. Kf2 Re7 33.
f4 Kc4 34. f5 Kb3 35. f6 gxf6 36. gxf6 Rf7 37. Ke3 Kxb2 38. Kd4 Kxa3 39. Ke5
Kb3 40. Rg7 Rf8 41. Rxb7+ Kxc3 42. Rxa7 1/2-1/2

[Event "Copa Ciudad de Berazategui 2008"]
[Site "Berazategui ARG"]
[Date "2008.05.03"]
[Round "4.4"]
[White "Iermito, Sebastian"]
[Black "Quinteros, Miguel A"]
[Result "1-0"]
[WhiteElo "2339"]
[BlackElo "2433"]
[PlyCount "35"]
[EventDate "2008.05.01"]
[EventType "swiss"]
[EventRounds "7"]
[EventCountry "ARG"]
[Source "lmi"]
[SourceDate "2008.05.01"]

1. e4 c5 2. Nf3 d6 3. d4 cxd4 4. Nxd4 Nf6 5. Nc3 a6 6. Bg5 e6 7. f4 Nbd7 8. Qf3
Qc7 9. O-O-O b5 10. Bd3 Bb7 11. Rhe1 Qb6 12. Nd5 exd5 13. Nc6 Nc5 14. exd5+ Kd7
15. Bf5+ Kc7 16. Bxf6 gxf6 17. Qc3 Bxc6 18. dxc6 1-0

[Event "Copa Ciudad de Berazategui 2008"]
[Site "Berazategui ARG"]
[Date "2008.05.03"]
[Round "4.5"]
[White "Perez Ponsa, Federico"]
[Black "Mahia, Gustavo"]
[Result "0-1"]
[WhiteElo "2281"]
[BlackElo "2432"]
[PlyCount "68"]
[EventDate "2008.05.01"]
[EventType "swiss"]
[EventRounds "7"]
[EventCountry "ARG"]
[Source "lmi"]
[SourceDate "2008.05.01"]

1. e4 e5 2. Nf3 Nc6 3. Bb5 a6 4. Ba4 Nf6 5. O-O Be7 6. Bxc6 dxc6 7. d3 Nd7 8.
Nbd2 O-O 9. Nc4 Bf6 10. b4 Qe7 11. Bb2 g6 12. Qd2 Bg7 13. a4 Rd8 14. Ne1 Nf6
15. Qg5 Qxb4 16. Ba3 Qxa4 17. Bb2 Qb4 18. Ba3 Qb5 19. Be7 h6 20. Qc1 Re8 21.
Ra5 Rxe7 22. Rxb5 axb5 23. Ne3 Be6 24. g3 Bh3 25. N1g2 Ree8 26. Qd1 h5 27. Re1
Ra2 28. f3 Rea8 29. Qb1 Bf8 30. Kf2 Bc5 31. f4 Bd4 32. Ke2 Rb2 33. Qc1 Raa2 34.
Kd2 b4 0-1

[Event "Copa Ciudad de Berazategui 2008"]
[Site "Berazategui ARG"]
[Date "2008.05.03"]
[Round "4.6"]
[White "Alonso, Salvador"]
[Black "Calderon Fernandez, Gervasio"]
[Result "1/2-1/2"]
[WhiteElo "2420"]
[BlackElo "2281"]
[PlyCount "78"]
[EventDate "2008.05.01"]
[EventType "swiss"]
[EventRounds "7"]
[EventCountry "ARG"]
[Source "lmi"]
[SourceDate "2008.05.01"]

1. e4 c5 2. Nf3 d6 3. d4 cxd4 4. Nxd4 Nf6 5. Nc3 a6 6. Be2 e5 7. Nb3 Be7 8. Bg5
Nbd7 9. a4 h6 10. Bxf6 Nxf6 11. Bc4 Be6 12. Qd3 Rc8 13. Nd2 Qc7 14. Bb3 Qc5 15.
O-O Qd4 16. Qe2 Bg4 17. Nf3 Qb4 18. a5 O-O 19. Ra4 Qc5 20. h3 Bd7 21. Ra2 Qb4
22. Re1 Rc5 23. Nd5 Nxd5 24. Bxd5 Rxa5 25. c3 Qb6 26. Rxa5 Qxa5 27. Bxb7 Bb5
28. Qc2 Bc4 29. Nd2 Be6 30. Qd3 Qa2 31. Bxa6 Qxb2 32. Nc4 Qa2 33. Ne3 Bg5 34.
Bc4 Qa3 35. Nd5 Qc5 36. Rb1 Kh8 37. Rb5 Qa7 38. Nb6 Rb8 39. Nd5 Rf8 1/2-1/2

[Event "Copa Ciudad de Berazategui 2008"]
[Site "Berazategui ARG"]
[Date "2008.05.03"]
[Round "4.11"]
[White "Mareco, Sandro"]
[Black "Reinoso, Carlos Norberto"]
[Result "1-0"]
[WhiteElo "2470"]
[BlackElo "2152"]
[PlyCount "83"]
[EventDate "2008.05.01"]
[EventType "swiss"]
[EventRounds "7"]
[EventCountry "ARG"]
[Source "lmi"]
[SourceDate "2008.05.01"]

1. Nf3 f5 2. b4 b6 3. Bb2 e6 4. g3 Nf6 5. a3 a5 6. b5 Bb7 7. Bg2 Be7 8. O-O O-O
9. c4 Qe8 10. Nc3 Qh5 11. e3 Ng4 12. h3 Nh6 13. d4 d6 14. Ne1 Qxd1 15. Rxd1
Bxg2 16. Nxg2 Nd7 17. Nf4 Kf7 18. d5 e5 19. Ne6 Rfc8 20. e4 Nf8 21. exf5 Nxf5
22. g4 Nh4 23. f4 exf4 24. Rxf4+ Kg8 25. Rdf1 Bf6 26. Rxf6 gxf6 27. Ne4 Nd7 28.
Bxf6 Nxf6 29. Nxf6+ Kh8 30. Ne4 Ng6 31. Rf7 Ne5 32. Re7 Re8 33. Rxc7 Rac8 34.
Rxc8 Rxc8 35. Nxd6 Rxc4 36. Nxc4 Nxc4 37. Kf2 Kg8 38. Ke2 Kf7 39. Kd3 Ne5+ 40.
Kd4 Nf3+ 41. Kc4 Nd2+ 42. Kd3 1-0

[Event "Copa Ciudad de Berazategui 2008"]
[Site "Berazategui ARG"]
[Date "2008.05.03"]
[Round "4.12"]
[White "Plazaola, Maria de los Angele"]
[Black "Contin, Daniel"]
[Result "1-0"]
[WhiteElo "2075"]
[BlackElo "2303"]
[PlyCount "91"]
[EventDate "2008.05.01"]
[EventType "swiss"]
[EventRounds "7"]
[EventCountry "ARG"]
[Source "lmi"]
[SourceDate "2008.05.01"]

1. e4 c5 2. Nf3 d6 3. d4 cxd4 4. Nxd4 Nf6 5. Nc3 a6 6. Bc4 e6 7. Bb3 Nbd7 8.
O-O Nc5 9. Qe2 Be7 10. Kh1 O-O 11. f4 Qc7 12. f5 b5 13. a3 Nxb3 14. cxb3 e5 15.
Nc2 h6 16. Ne3 Bb7 17. Ng4 Rfd8 18. Be3 d5 19. exd5 Bxd5 20. Rac1 Qb7 21. Nxf6+
Bxf6 22. Qg4 Kh7 23. Nxd5 Qxd5 24. Rf3 Rac8 25. Rg1 Qxb3 26. Bxh6 Qc4 27. Qh5
Rh8 28. Rc3 Qh4 29. Qxf7 Rcf8 30. Qb7 Rb8 31. Qxa6 Qg4 32. Bxg7 Qxg7 33. Rgc1
Rbd8 34. Qe6 Rd4 35. Rc7 Rhd8 36. Rxg7+ Bxg7 37. Qg6+ Kh8 38. Rf1 R4d6 39. Qh5+
Kg8 40. h3 e4 41. Qe2 Re8 42. Qxb5 Rf8 43. Qb4 Rfd8 44. f6 Bh6 45. Qxe4 R8d7
46. Qg6+ 1-0

[Event "Copa Ciudad de Berazategui 2008"]
[Site "Berazategui ARG"]
[Date "2008.05.04"]
[Round "5.1"]
[White "Mahia, Gustavo"]
[Black "Scarella, Enrique Alejandro"]
[Result "1/2-1/2"]
[WhiteElo "2432"]
[BlackElo "2349"]
[PlyCount "117"]
[EventDate "2008.05.01"]
[EventType "swiss"]
[EventRounds "7"]
[EventCountry "ARG"]
[Source "lmi"]
[SourceDate "2008.05.01"]

1. e4 e5 2. Nf3 Nc6 3. Bb5 a6 4. Ba4 Nf6 5. O-O Be7 6. Re1 b5 7. Bb3 d6 8. c3
O-O 9. h3 Na5 10. Bc2 c5 11. d4 Qc7 12. Nbd2 Nc6 13. d5 Nd8 14. Nf1 Ne8 15. a4
Rb8 16. g4 g6 17. Ng3 Ng7 18. axb5 axb5 19. Bh6 f6 20. Qd2 Nf7 21. Be3 Bd7 22.
b4 Ra8 23. Kg2 Rfc8 24. bxc5 dxc5 25. Qe2 c4 26. Nh2 Qb7 27. Qf1 Rxa1 28. Rxa1
Ra8 29. f4 exf4 30. Bxf4 Ra6 31. Nf3 Qa8 32. Rxa6 Qxa6 33. Ne2 Ne8 34. Ned4 Bd6
35. Be3 Ne5 36. Qb1 Nxf3 37. Nxf3 Qc8 38. Kf2 Qc7 39. Bd4 Bc5 40. Qd1 Nd6 41.
Ke3 Nf7 42. Bxc5 Qxc5+ 43. Qd4 Qd6 44. g5 Bxh3 45. Qxf6 Qa3 46. Kd2 b4 47. cxb4
Bg4 48. Nh2 Bh5 49. Qc3 Qa7 50. Qe3 Qb8 51. Nf1 Ne5 52. Kc3 Qa8 53. Kb2 Qf8 54.
Qc3 Qf4 55. Ne3 Be2 56. Qd4 Nf3 57. Qf6 Qxe3 58. Qe6+ Kg7 59. Qf6+ 1/2-1/2

[Event "Copa Ciudad de Berazategui 2008"]
[Site "Berazategui ARG"]
[Date "2008.05.04"]
[Round "5.2"]
[White "Perdomo, Carlos Andres"]
[Black "Liascovich, Lucas"]
[Result "1/2-1/2"]
[WhiteElo "2353"]
[BlackElo "2419"]
[PlyCount "102"]
[EventDate "2008.05.01"]
[EventType "swiss"]
[EventRounds "7"]
[EventCountry "ARG"]
[Source "lmi"]
[SourceDate "2008.05.01"]

1. c4 e5 2. Nc3 Nf6 3. Nf3 Nc6 4. e3 Bb4 5. Qc2 Bxc3 6. Qxc3 Qe7 7. a3 O-O 8.
d3 d5 9. cxd5 Nxd5 10. Qc2 a5 11. b3 Bg4 12. Be2 Rad8 13. O-O f5 14. h3 Bh5 15.
Nxe5 Qxe5 16. Bxh5 f4 17. Bf3 fxe3 18. Bxd5+ Qxd5 19. Bxe3 Qxd3 20. Rfc1 Qxc2
21. Rxc2 Rd3 22. Rb1 Rf5 23. Bc5 Nd8 24. Re1 b6 25. Be3 Rd7 26. b4 axb4 27.
axb4 Kf7 28. Rc4 g5 29. Re4 Nb7 30. Rg4 h6 31. Ra1 Nd8 32. Ra7 Rfd5 33. h4 Ne6
34. hxg5 hxg5 35. Ra8 Rd8 36. Rxd8 Rxd8 37. Rc4 Rd5 38. Kh2 c5 39. bxc5 bxc5
40. Kg3 Ke7 41. Kf3 Kd6 42. Ra4 Rf5+ 43. Kg4 Rf7 44. Ra2 Ke5 45. Rc2 Kd5 46. g3
c4 47. Bxg5 Nd4 48. Ra2 Rg7 49. Kh5 c3 50. Ra5+ Kc4 51. Ra4+ Kb3 1/2-1/2

[Event "Copa Ciudad de Berazategui 2008"]
[Site "Berazategui ARG"]
[Date "2008.05.04"]
[Round "5.3"]
[White "Tristan, Leonardo"]
[Black "Iermito, Sebastian"]
[Result "0-1"]
[WhiteElo "2373"]
[BlackElo "2339"]
[PlyCount "60"]
[EventDate "2008.05.01"]
[EventType "swiss"]
[EventRounds "7"]
[EventCountry "ARG"]
[Source "lmi"]
[SourceDate "2008.05.01"]

1. e4 c5 2. Nf3 Nc6 3. d4 cxd4 4. Nxd4 e5 5. Nb5 d6 6. N1c3 a6 7. Na3 b5 8. Nd5
Nce7 9. Nb4 Nf6 10. c4 Nxe4 11. cxb5 a5 12. Na6 f5 13. f3 Nf6 14. Bg5 Be6 15.
Rc1 Rc8 16. Bc4 d5 17. Bb3 Qb6 18. Qe2 Rxc1+ 19. Bxc1 Ng6 20. Be3 d4 21. Bxe6
dxe3 22. Nc4 Bb4+ 23. Kf1 Qd4 24. Nxb4 axb4 25. Qxe3 Qd1+ 26. Kf2 Qxh1 27. Nxe5
Ne4+ 28. fxe4 Nxe5 29. Qa7 Ng4+ 30. Kg3 Qe1+ 0-1

[Event "Copa Ciudad de Berazategui 2008"]
[Site "Berazategui ARG"]
[Date "2008.05.04"]
[Round "5.4"]
[White "Perelman, Hernan"]
[Black "Aguilar, Juan"]
[Result "1-0"]
[WhiteElo "2343"]
[BlackElo "2356"]
[PlyCount "59"]
[EventDate "2008.05.01"]
[EventType "swiss"]
[EventRounds "7"]
[EventCountry "ARG"]
[Source "lmi"]
[SourceDate "2008.05.01"]

1. d4 Nf6 2. Nf3 g6 3. Bf4 Bg7 4. e3 d6 5. h3 c5 6. c3 Qb6 7. Qb3 Be6 8. Qxb6
axb6 9. a3 O-O 10. Nbd2 Nc6 11. Be2 h6 12. O-O Nd7 13. Rfe1 Rfc8 14. Bf1 d5 15.
Rad1 c4 16. Nxc4 dxc4 17. d5 b5 18. dxe6 Nc5 19. exf7+ Kxf7 20. Rd5 b6 21. Nd4
Na7 22. Nf3 Ke6 23. Rd2 g5 24. Bh2 Na4 25. Red1 Nc6 26. Nd4+ Bxd4 27. exd4 Na5
28. Be2 Kf7 29. Bh5+ Kf8 30. Re1 1-0

[Event "Copa Ciudad de Berazategui 2008"]
[Site "Berazategui ARG"]
[Date "2008.05.04"]
[Round "5.6"]
[White "Negri, Santiago"]
[Black "Mareco, Sandro"]
[Result "0-1"]
[WhiteElo "2153"]
[BlackElo "2470"]
[PlyCount "46"]
[EventDate "2008.05.01"]
[EventType "swiss"]
[EventRounds "7"]
[EventCountry "ARG"]
[Source "lmi"]
[SourceDate "2008.05.01"]

1. d4 Nf6 2. Nf3 e6 3. Bg5 Be7 4. e3 b6 5. c4 Bb7 6. Nc3 O-O 7. Rc1 c5 8. d5
Nxd5 9. Nxd5 Bxg5 10. Nxg5 exd5 11. Qh5 h6 12. h4 Qe8 13. Bd3 f5 14. Qf3 Qe5
15. Qh5 Qxb2 16. Rd1 Nc6 17. Qg6 hxg5 18. hxg5 Ne5 19. Qh5 Qc3+ 20. Kf1 dxc4
21. f4 cxd3 22. fxe5 Qc2 23. Rh2 Qe2+ 0-1

[Event "Copa Ciudad de Berazategui 2008"]
[Site "Berazategui ARG"]
[Date "2008.05.04"]
[Round "5.8"]
[White "Semprevivo, Marcelo"]
[Black "Barrionuevo, Pablo"]
[Result "0-1"]
[WhiteElo "2113"]
[BlackElo "2401"]
[PlyCount "144"]
[EventDate "2008.05.01"]
[EventType "swiss"]
[EventRounds "7"]
[EventCountry "ARG"]
[Source "lmi"]
[SourceDate "2008.05.01"]

1. c4 e5 2. Nc3 Nf6 3. g3 c6 4. Bg2 Bb4 5. Nf3 d6 6. O-O O-O 7. Qc2 Re8 8. d3
h6 9. a3 Ba5 10. b4 Bc7 11. Bb2 Be6 12. h3 a6 13. Rac1 Nbd7 14. e4 Rc8 15. Rfe1
Bb6 16. Na4 Bc7 17. d4 Bb8 18. dxe5 dxe5 19. c5 Nh7 20. Nd2 Qe7 21. Kh2 Red8
22. Nf1 Bc7 23. Rcd1 Ndf8 24. Ne3 g6 25. Rxd8 Rxd8 26. Rd1 h5 27. Rxd8 Qxd8 28.
Qd1 Qxd1 29. Nxd1 Bb3 30. Nac3 Ne6 31. Ne3 Nd4 32. Kg1 Ng5 33. Kf1 a5 34. Ne2
Nge6 35. Nc1 Ba4 36. Ke1 axb4 37. axb4 Bd8 38. Nd3 f6 39. Bc3 Bb5 40. Nb2 Ne2
41. Bd2 N2d4 42. Nbc4 Be7 43. h4 Kg7 44. Bc3 Ba6 45. f3 Nb5 46. Bb2 Ned4 47.
Kf2 Kf7 48. Bh3 Nc7 49. Bc3 Nce6 50. Be1 Ke8 51. Bc3 Kd8 52. Be1 Kc7 53. Bc3
Bb5 54. f4 exf4 55. gxf4 f5 56. Nxf5 gxf5 57. exf5 Bxc4 58. fxe6 Bxh4+ 59. Ke3
Bxe6 60. Bxe6 Nxe6 61. Ke4 Kd7 62. Kf5 Bg3 63. Be5 Be1 64. Kg6 Nxf4+ 65. Bxf4
Bxb4 66. Kxh5 Ke6 67. Kg4 Kd5 68. Kf3 Bxc5 69. Ke2 Kc4 70. Kd1 Kd3 71. Bd2 Bd4
72. Kc1 Bb2+ 0-1

[Event "Copa Ciudad de Berazategui 2008"]
[Site "Berazategui ARG"]
[Date "2008.05.04"]
[Round "5.9"]
[White "Quiroga, Facundo"]
[Black "Fiori, Hector"]
[Result "1-0"]
[WhiteElo "2331"]
[BlackElo "2126"]
[PlyCount "107"]
[EventDate "2008.05.01"]
[EventType "swiss"]
[EventRounds "7"]
[EventCountry "ARG"]
[Source "lmi"]
[SourceDate "2008.05.01"]

1. Nf3 e6 2. e4 c5 3. d4 cxd4 4. Nxd4 Nf6 5. Bd3 Nc6 6. Nxc6 dxc6 7. O-O e5 8.
Bg5 Be6 9. Nd2 Be7 10. Qe2 Nd7 11. Be3 Bg5 12. Bc4 Bxe3 13. Qxe3 Qe7 14. Rfd1
O-O 15. Qb3 Nc5 16. Qa3 Rfe8 17. Bf1 f6 18. b4 Nd7 19. Nc4 Nb6 20. Na5 Red8 21.
c4 Rd4 22. Rxd4 exd4 23. c5 Bf7 24. Qd3 Nd7 25. Qxd4 Ne5 26. Rd1 Bxa2 27. Qd6
Re8 28. Qxe7 Rxe7 29. Rd8+ Kf7 30. f4 Ng4 31. Rd2 Be6 32. f5 Bc8 33. Nc4 Rd7
34. Nd6+ Kf8 35. Ra2 Rxd6 36. cxd6 a6 37. b5 cxb5 38. Bxb5 axb5 39. Ra8 Ke8 40.
Rxc8+ Kd7 41. Rc7+ Kxd6 42. Rxb7 Kc5 43. Rxg7 Ne5 44. Rxh7 b4 45. Rb7 Kc4 46.
Kf2 b3 47. Ke3 Kc3 48. Rc7+ Nc4+ 49. Rxc4+ Kxc4 50. Kd2 Kd4 51. h4 Kxe4 52. g4
Kf4 53. h5 Kg5 54. Kc3 1-0

[Event "Copa Ciudad de Berazategui 2008"]
[Site "Berazategui ARG"]
[Date "2008.05.04"]
[Round "5.10"]
[White "Villanueva, Guillermo"]
[Black "Blit, Jacques"]
[Result "0-1"]
[WhiteElo "1935"]
[BlackElo "2317"]
[PlyCount "54"]
[EventDate "2008.05.01"]
[EventType "swiss"]
[EventRounds "7"]
[EventCountry "ARG"]
[Source "lmi"]
[SourceDate "2008.05.01"]

1. e4 c5 2. Nf3 Nc6 3. d4 cxd4 4. Nxd4 Nf6 5. Nc3 e5 6. Ndb5 d6 7. Bg5 a6 8.
Na3 b5 9. Nd5 Be7 10. Bxf6 Bxf6 11. c3 O-O 12. Nc2 Bg5 13. a4 bxa4 14. Rxa4 a5
15. Bc4 Rb8 16. b3 Kh8 17. Nce3 g6 18. O-O Be6 19. Kh1 f5 20. exf5 gxf5 21. f4
Bh6 22. Qh5 Bg7 23. fxe5 dxe5 24. Rd1 Qc8 25. Bd3 e4 26. Bc4 f4 27. Nxf4 Rxf4
0-1

[Event "Copa Ciudad de Berazategui 2008"]
[Site "Berazategui ARG"]
[Date "2008.05.04"]
[Round "5.11"]
[White "Calderon Fernandez, Gervasio"]
[Black "Ronco, Raul"]
[Result "1-0"]
[WhiteElo "2281"]
[BlackElo "2105"]
[PlyCount "69"]
[EventDate "2008.05.01"]
[EventType "swiss"]
[EventRounds "7"]
[EventCountry "ARG"]
[Source "lmi"]
[SourceDate "2008.05.01"]

1. d4 Nf6 2. c4 e6 3. Nc3 Bb4 4. e3 O-O 5. Bd3 d5 6. Nf3 c5 7. O-O Nc6 8. a3
Bxc3 9. bxc3 b6 10. cxd5 exd5 11. dxc5 bxc5 12. c4 dxc4 13. Bxc4 Qe7 14. Bb2
Bg4 15. Be2 Rab8 16. Qc2 Rfc8 17. Rac1 Na5 18. Bc3 Nb3 19. Rcd1 c4 20. Ng5 Bxe2
21. Bxf6 Qxf6 22. Qxh7+ Kf8 23. Rd7 Ke8 24. Rxa7 Qe7 25. Rxe7+ Kxe7 26. Re1 Bd3
27. Qxg7 Bg6 28. e4 c3 29. e5 c2 30. Qf6+ Kf8 31. Nxf7 Bxf7 32. e6 Rc7 33. Qh6+
Ke7 34. exf7+ Kd7 35. Qe6+ 1-0

[Event "Copa Ciudad de Berazategui 2008"]
[Site "Berazategui ARG"]
[Date "2008.05.05"]
[Round "6.1"]
[White "Scarella, Enrique Alejandro"]
[Black "Perelman, Hernan"]
[Result "1-0"]
[WhiteElo "2349"]
[BlackElo "2343"]
[PlyCount "77"]
[EventDate "2008.05.01"]
[EventType "swiss"]
[EventRounds "7"]
[EventCountry "ARG"]
[Source "lmi"]
[SourceDate "2008.05.01"]

1. d4 Nf6 2. Nf3 c5 3. d5 g6 4. Nc3 Bg7 5. e4 d6 6. Bb5+ Bd7 7. a4 O-O 8. h3
Bxb5 9. axb5 Nbd7 10. O-O Nb6 11. Re1 Ne8 12. Na4 a6 13. Nxb6 Qxb6 14. bxa6
Rxa6 15. Rxa6 Qxa6 16. e5 Nc7 17. Bg5 Re8 18. exd6 Qxd6 19. c4 Bf6 20. Qd2 Rd8
21. Bxf6 Qxf6 22. Qe3 Rd7 23. Ne5 Rd8 24. Qxc5 Qd6 25. Qe3 e6 26. Qf4 f6 27.
Qxf6 Rf8 28. Qh4 exd5 29. c5 Qd8 30. Qg3 Re8 31. Re3 d4 32. Rf3 Qe7 33. Ng4 Kg7
34. Qf4 Nb5 35. Qh6+ Kh8 36. Ne5 Qg7 37. Nf7+ Kg8 38. Qg5 h5 39. Qd5 1-0

[Event "Copa Ciudad de Berazategui 2008"]
[Site "Berazategui ARG"]
[Date "2008.05.05"]
[Round "6.2"]
[White "Iermito, Sebastian"]
[Black "Perdomo, Carlosa"]
[Result "1/2-1/2"]
[WhiteElo "2339"]
[BlackElo "2353"]
[PlyCount "59"]
[EventDate "2008.05.01"]
[EventType "swiss"]
[EventRounds "7"]
[EventCountry "ARG"]
[Source "lmi"]
[SourceDate "2008.05.01"]

1. d4 d5 2. c4 e6 3. Nc3 Nf6 4. cxd5 exd5 5. Bg5 Nbd7 6. e3 c6 7. Bd3 Be7 8.
Nge2 Nf8 9. Qc2 Ne6 10. Bh4 a5 11. O-O g6 12. f3 O-O 13. Bf2 b6 14. h3 c5 15.
Bb5 cxd4 16. Nxd4 Nxd4 17. exd4 Ra7 18. Rfe1 Be6 19. Bh4 Qd6 20. Qf2 Nh5 21.
Bxe7 Rxe7 22. Re5 Nf4 23. Rae1 f6 24. R5e3 Rg7 25. Ne2 Bf5 26. Nxf4 Qxf4 27.
Rc3 Rc7 28. Qe3 Qxe3+ 29. Rexe3 Rfc8 30. Rxc7 1/2-1/2

[Event "Copa Ciudad de Berazategui 2008"]
[Site "Berazategui ARG"]
[Date "2008.05.05"]
[Round "6.3"]
[White "Barrionuevo, Pablo"]
[Black "Zarnicki, Pablo"]
[Result "1/2-1/2"]
[WhiteElo "2401"]
[BlackElo "2515"]
[PlyCount "159"]
[EventDate "2008.05.01"]
[EventType "swiss"]
[EventRounds "7"]
[EventCountry "ARG"]
[Source "lmi"]
[SourceDate "2008.05.01"]

1. d4 Nf6 2. c4 e6 3. Nc3 Bb4 4. f3 c5 5. d5 b5 6. e4 bxc4 7. Bxc4 exd5 8. Bxd5
Nxd5 9. Qxd5 Nc6 10. Nge2 Ba6 11. Kf2 O-O 12. Be3 Re8 13. Rad1 Qb6 14. h4 Ne5
15. Qb3 Rab8 16. Nd5 Qa5 17. Qc2 c4 18. Nxb4 Qxb4 19. Bd4 Nd3+ 20. Kg1 d5 21.
exd5 Qd6 22. h5 Qxd5 23. Rh4 f5 24. Bc3 Qe6 25. Ng3 Rbd8 26. Qd2 h6 27. Rd4 Qb6
28. Nxf5 Bc8 29. Ba5 Qc5 30. Bxd8 Bxf5 31. Qc3 Rxd8 32. Qxc4+ Qxc4 33. Rxc4 Rb8
34. Rd2 Nxb2 35. Rc7 a6 36. Re2 Kh8 37. Ree7 Rg8 38. Rc5 Bd3 39. Rec7 Na4 40.
Rc1 Kh7 41. Rc8 Bb5 42. Rxg8 Kxg8 43. Rc7 Nb6 44. Kf2 Nd5 45. Ra7 Kf8 46. g4
Nc3 47. a3 Nb1 48. a4 Bxa4 49. Rxa6 Nc3 50. Ke3 Be8 51. Kf4 Nd5+ 52. Kg3 Nf6
53. Kh4 Bb5 54. Ra8+ Kf7 55. Ra7+ Kg8 56. Re7 Kf8 57. Re5 Bd7 58. g5 hxg5+ 59.
Kxg5 Be8 60. Kh4 Kg8 61. Ra5 Kh7 62. f4 Kh6 63. Re5 Bxh5 64. Ra5 Be2 65. Rc5
Bd3 66. Ra5 Kg6 67. Rg5+ Kf7 68. Ra5 Be4 69. Re5 g6 70. Ra5 Bf5 71. Ra7+ Bd7
72. Kg5 Nh7+ 73. Kh6 Nf6 74. Kg5 Ne4+ 75. Kh6 Nf6 76. Kg5 Nh7+ 77. Kh6 Nf8 78.
Kg5 Ke6 79. Ra8 Ke7 80. Rxf8 1/2-1/2

[Event "Copa Ciudad de Berazategui 2008"]
[Site "Berazategui ARG"]
[Date "2008.05.05"]
[Round "6.5"]
[White "Blit, Jacques"]
[Black "Mahia, Gustavo"]
[Result "0-1"]
[WhiteElo "2317"]
[BlackElo "2432"]
[PlyCount "44"]
[EventDate "2008.05.01"]
[EventType "swiss"]
[EventRounds "7"]
[EventCountry "ARG"]
[Source "lmi"]
[SourceDate "2008.05.01"]

1. d4 d5 2. Nc3 e6 3. e4 Bb4 4. e5 c5 5. Bd2 Ne7 6. Nb5 Bxd2+ 7. Qxd2 O-O 8.
dxc5 Nd7 9. f4 Nxc5 10. Bd3 Qb6 11. Nf3 Bd7 12. a4 a6 13. Nd6 Nxa4 14. Rxa4
Bxa4 15. b3 Bb5 16. c4 dxc4 17. bxc4 Bc6 18. Bxh7+ Kxh7 19. Ng5+ Kg8 20. Qd3
Nf5 21. Nxf5 exf5 22. Qxf5 Qe3+ 0-1

[Event "Copa Ciudad de Berazategui 2008"]
[Site "Berazategui ARG"]
[Date "2008.05.05"]
[Round "6.6"]
[White "Alonso, Salvador"]
[Black "Quiroga, Facundo"]
[Result "1/2-1/2"]
[WhiteElo "2420"]
[BlackElo "2331"]
[PlyCount "95"]
[EventDate "2008.05.01"]
[EventType "swiss"]
[EventRounds "7"]
[EventCountry "ARG"]
[Source "lmi"]
[SourceDate "2008.05.01"]

1. e4 c5 2. Nf3 d6 3. d4 cxd4 4. Nxd4 Nf6 5. Nc3 a6 6. Be2 e5 7. Nb3 Be7 8. Bg5
Be6 9. Bxf6 Bxf6 10. Qd3 O-O 11. O-O-O Be7 12. Nd5 Bxd5 13. Qxd5 Nc6 14. Kb1
Rc8 15. c3 Qb6 16. Rhf1 Rc7 17. g3 Rfc8 18. h4 Bf8 19. Ka1 Qa7 20. f4 b5 21. a3
Rb8 22. f5 a5 23. Bxb5 a4 24. Bxc6 Rxb3 25. c4 Rxg3 26. Bb5 Re3 27. f6 g6 28.
h5 Rc5 29. Qd2 Rxe4 30. hxg6 hxg6 31. Rh1 Rd4 32. Qg2 Rxd1+ 33. Rxd1 e4 34.
Qxe4 Rh5 35. Qe8 Re5 36. Qd8 Qc5 37. Qa8 Re2 38. Rh1 d5 39. Qxd5 Rf2 40. Bxa4
Rxf6 41. Qxc5 Bxc5 42. Rd1 Rf2 43. b4 Be7 44. Kb1 Rf5 45. Ka2 Rf2+ 46. Kb1 Rf5
47. Ka2 Rf2+ 48. Kb1 1/2-1/2

[Event "Copa Ciudad de Berazategui 2008"]
[Site "Berazategui ARG"]
[Date "2008.05.05"]
[Round "6.7"]
[White "Liascovich, Lucas"]
[Black "Perez Pietronave, Carlos"]
[Result "1-0"]
[WhiteElo "2419"]
[BlackElo "2219"]
[PlyCount "49"]
[EventDate "2008.05.01"]
[EventType "swiss"]
[EventRounds "7"]
[EventCountry "ARG"]
[Source "lmi"]
[SourceDate "2008.05.01"]

1. d4 f5 2. Nf3 Nf6 3. g3 g6 4. Bg2 Bg7 5. O-O O-O 6. b3 d6 7. Bb2 Ng4 8. c4 f4
9. h3 Nh6 10. gxf4 Rxf4 11. Qd2 Qf8 12. Ng5 Nc6 13. e3 Rh4 14. f4 e5 15. d5 Nd8
16. fxe5 Qe7 17. Nf3 Rh5 18. e6 Nxe6 19. dxe6 Bxb2 20. Qxb2 Bxe6 21. Nc3 Nf5
22. Nd4 Nxe3 23. Nxe6 Qxe6 24. Nd5 Rg5 25. Rae1 1-0

[Event "Copa Ciudad de Berazategui 2008"]
[Site "Berazategui ARG"]
[Date "2008.05.05"]
[Round "6.8"]
[White "Spata, German"]
[Black "Quinteros, Miguel A"]
[Result "1-0"]
[WhiteElo "2240"]
[BlackElo "2433"]
[PlyCount "87"]
[EventDate "2008.05.01"]
[EventType "swiss"]
[EventRounds "7"]
[EventCountry "ARG"]
[Source "lmi"]
[SourceDate "2008.05.01"]

1. Nf3 c5 2. c4 g6 3. d4 Bg7 4. Nc3 cxd4 5. Nxd4 Nc6 6. e3 Nf6 7. Be2 O-O 8.
O-O Qa5 9. a3 d6 10. Nc2 Be6 11. b4 Qc7 12. Bb2 Ne5 13. Nb5 Qc8 14. Bxe5 dxe5
15. c5 Rd8 16. Qc1 Ne4 17. f3 Nd2 18. e4 Bh6 19. Kh1 Kg7 20. Rd1 Nb3 21. Qb2
Nxa1 22. Qxe5+ f6 23. Qxa1 Rxd1+ 24. Qxd1 Qd8 25. Ncd4 Bf7 26. Nxa7 Be3 27.
Nab5 b6 28. c6 Bxd4 29. c7 Qd7 30. Qxd4 Qxd4 31. Nxd4 Rxa3 32. Kg1 Rc3 33. Nb5
Rc1+ 34. Kf2 Be8 35. Nd4 e5 36. Ne6+ Kf7 37. Nc5 Bd7 38. Nxd7 Rxc7 39. Nxb6 Ke6
40. Nd5 Rc1 41. b5 f5 42. b6 f4 43. b7 Rb1 44. Bb5 1-0

[Event "Copa Ciudad de Berazategui 2008"]
[Site "Berazategui ARG"]
[Date "2008.05.05"]
[Round "6.9"]
[White "Catelli, Hernan"]
[Black "Tristan, Leonardo"]
[Result "1-0"]
[WhiteElo "2183"]
[BlackElo "2373"]
[PlyCount "97"]
[EventDate "2008.05.01"]
[EventType "swiss"]
[EventRounds "7"]
[EventCountry "ARG"]
[Source "lmi"]
[SourceDate "2008.05.01"]

1. g3 f5 2. Bg2 Nf6 3. d3 g6 4. e4 d6 5. f4 Nc6 6. Nc3 Bg7 7. Nf3 O-O 8. O-O
Rb8 9. Kh1 e5 10. exf5 Bxf5 11. fxe5 dxe5 12. Ng5 Nd4 13. h3 Qd7 14. Kh2 h6 15.
Nge4 g5 16. Be3 c6 17. Nxf6+ Bxf6 18. Ne4 Bg7 19. Qd2 Kh7 20. Rf2 g4 21. hxg4
Bxg4 22. Raf1 Nf5 23. Bxa7 Ra8 24. Bc5 Rfd8 25. Bf3 Nd4 26. Bxd4 Bxf3 27. Rxf3
Qxd4 28. Nf6+ Kh8 29. c3 Qb6 30. a3 Qb5 31. Ne4 Rd7 32. Nf2 Qd5 33. Qe2 b5 34.
Qe4 Qe6 35. Ng4 Re7 36. Nf6 Bf8 37. Nh5 Kg8 38. Rf6 Qd7 39. Qg6+ Bg7 40. Rd6
Qa7 41. Nf6+ Kf8 42. Qh7 Rf7 43. Qg6 Qe7 44. Rd7 Bxf6 45. Rxe7 Kxe7 46. d4 exd4
47. cxd4 Rd8 48. Qe4+ Kd6 49. Rxf6+ 1-0